[Event "EU-Cup 39th"]
[White "Andreassen, Pal Morten"]
[Black "Voigt, Martin"]
[Site "Vrnjacka Banja"]
[Round "3.5"]
[Result "0-1"]
[Date "2024.10.22"]
[WhiteElo "2061"]
[BlackElo "2316"]
[PlyCount "92"]
[EventDate "2024.10.20"]
[EventType "team-swiss"]
[EventRounds "7"]
[EventCountry "SRB"]
[SourceTitle "CB44_2024"]
[Source "Chessbase"]
[SourceDate "2024.10.30"]
[SourceVersion "1"]
[SourceVersionDate "2024.10.30"]
[SourceQuality "1"]
[WhiteTeam "SOSS"]
[BlackTeam "St Pauli"]
[WhiteTeamCountry "NOR"]
[BlackTeamCountry "GER"]

1. d4 d5 2. c4 c6 3. Nf3 Nf6 4. g3 Bf5 5. Nc3 dxc4 6. Bg2 Nbd7 7. 0-0 e6 8. Nh4 Nb6 9. Bg5 Be7 10. a4 a5 11. e4 Bg4 12. f3 Bh5 13. g4 h6 14. Be3 Nfd7 15. gxh5 Bxh4 16. f4 0-0 17. f5 Bg5 18. Qd2 e5 19. d5 Nc5 20. Qf2 Bxe3 21. Qxe3 Nbd7 22. f6 Nd3 23. fxg7 Kxg7 24. Rf3 Qb6 25. Qxb6 Nxb6 26. b3 Nf4 27. Rb1 cxd5 28. exd5 f5 29. bxc4 Nxc4 30. Rxb7+ Rf7 31. Rxf7+ Kxf7 32. Bf1 Nd2 33. Re3 Nxf1 34. Kxf1 e4 35. Nb5 Nxd5 36. Rg3 Nf4 37. Rc3 Kf6 38. h4 Rd8 39. Rc6+ Ke5 40. Rxh6 Rd1+ 41. Kf2 Rd2+ 42. Ke1 e3 43. Nc3 Rc2 44. Nd1 Nd3+ 45. Kf1 e2+ 46. Kg1 e1Q# 0-1

[Event "EU-Cup 39th"]
[White "Andreassen, Pal Morten"]
[Black "Sadikhov, Ulvi Ramil Oglu"]
[Site "Vrnjacka Banja"]
[Round "1.5"]
[Result "0-1"]
[Date "2024.10.20"]
[WhiteElo "2061"]
[BlackElo "2490"]
[PlyCount "51"]
[EventDate "2024.10.20"]
[EventType "team-swiss"]
[EventRounds "7"]
[EventCountry "SRB"]
[SourceTitle "CB44_2024"]
[Source "Chessbase"]
[SourceDate "2024.10.30"]
[SourceVersion "1"]
[SourceVersionDate "2024.10.30"]
[SourceQuality "1"]
[WhiteTeam "SOSS"]
[BlackTeam "Vugar Gashimov"]
[WhiteTeamCountry "NOR"]
[BlackTeamCountry "AZE"]

1. d4 Nf6 2. c4 d6 3. Nc3 e5 4. d5 e4 5. g3 Bf5 6. Bg2 Nbd7 7. Qd4 Qe7 8. g4 Bxg4 9. Nxe4 Nxe4 10. Bxe4 Ne5 11. Bf4 f5 12. Bg2 g5 13. Bxe5 dxe5 14. Qc3 Bg7 15. e4 0-0 16. f3 Bh5 17. Ne2 fxe4 18. fxe4 Qc5 19. Qg3 Qxc4 20. Nc3 Qd4 21. h4 gxh4 22. Rxh4 Qg1+ 23. Kd2 Qxa1 24. Rxh5 Qxb2+ 25. Kd3 Rf2 26. Nd1 0-1